000 00450nam a2200157Ia 4500
005 20250923144527.0
008 008 250917s9999 xx 000 0 eng d
037 _aTextual
040 _aDSWL
_beng
_cDSWL
041 _aeng
_2eng
084 _qDSWL
245 0 _aReport on the village & small scale industries committee
_cby Government of India
260 _aIndia
_bPlanning Commission
_c1955
942 _cTEXL
999 _c1440050
_d1440050